<?xml version="1.0" encoding="UTF-8"?>
<record
    xmlns:xsi="http://www.w3.org/2001/XMLSchema-instance"
    xsi:schemaLocation="http://www.loc.gov/MARC21/slim http://www.loc.gov/standards/marcxml/schema/MARC21slim.xsd"
    xmlns="http://www.loc.gov/MARC21/slim">

  <leader>00928aaa a2200193 a 4500</leader>
  <controlfield tag="003">BD-RjUL</controlfield>
  <controlfield tag="005">20220111115437.0</controlfield>
  <controlfield tag="008">211115s1951    pk ||||| |||| 00| 0 ara d</controlfield>
  <datafield tag="035" ind1=" " ind2=" ">
    <subfield code="a">(BD-RjUL)79028</subfield>
  </datafield>
  <datafield tag="040" ind1=" " ind2=" ">
    <subfield code="a">BD-RjUL</subfield>
    <subfield code="b">eng</subfield>
    <subfield code="c">BD-RjUL</subfield>
  </datafield>
  <datafield tag="041" ind1=" " ind2=" ">
    <subfield code="a">ara</subfield>
  </datafield>
  <datafield tag="082" ind1=" " ind2=" ">
    <subfield code="2">23</subfield>
    <subfield code="a">297.12543</subfield>
    <subfield code="b">TIM 1951</subfield>
  </datafield>
  <datafield tag="100" ind1=" " ind2=" ">
    <subfield code="a">Al-Tirmidhi, Muhammad bin Isa bin Surah ;; &#x627;&#x644;&#x62A;&#x631;&#x645;&#x630;&#x64A;&#x60C; &#x645;&#x62D;&#x645;&#x62F; &#x628;&#x646; &#x639;&#x64A;&#x633;&#x649; &#x628;&#x646; &#x633;&#x648;&#x631;&#x629;</subfield>
    <subfield code="d">209-279 &#x647;&#x640;.)</subfield>
    <subfield code="9">250069</subfield>
  </datafield>
  <datafield tag="245" ind1="1" ind2="0">
    <subfield code="a">&#x62C;&#x627;&#x645;&#x639; &#x627;&#x644;&#x62A;&#x631;&#x645;&#x630;&#x64A;  &#x645;&#x639;  &#x634;&#x645;&#x627;&#x626;&#x644; &#x627;&#x644;&#x62A;&#x631;&#x645;&#x630;&#x64A;;; Jamie altirmidhi ; ma'a Shamael Al-Tirmidhi  /  </subfield>
    <subfield code="c">&#x645;&#x62D;&#x645;&#x62F; &#x628;&#x646; &#x639;&#x64A;&#x633;&#x649; &#x628;&#x646; &#x633;&#x648;&#x631;&#x629;&#x60C; &#x627;&#x644;&#x62A;&#x631;&#x645;&#x630;&#x64A;&#x60C;; &#x627;&#x644;&#x62F;&#x645;&#x646;&#x627;&#x62A;&#x64A;&#x60C; &#x639;&#x644;&#x64A; &#x628;&#x646; &#x633;&#x644;&#x64A;&#x645;&#x627;&#x646; &#x627;&#x644;&#x62F;&#x645;&#x646;&#x627;&#x62A;&#x64A;  ;; &#x60C;Muhammad bin Issa bin Surah, Al-Tirmidhi,; Al-Dimnati, Ali bin Suleiman Al-Dimnati, </subfield>
  </datafield>
  <datafield tag="260" ind1=" " ind2=" ">
    <subfield code="a">Karachi : </subfield>
    <subfield code="b">Nur mohammad Karkhana tijarat  kutub,</subfield>
    <subfield code="c"> 1951</subfield>
  </datafield>
  <datafield tag="300" ind1=" " ind2=" ">
    <subfield code="a">665 p. ; ;</subfield>
    <subfield code="c">34 cm</subfield>
  </datafield>
  <datafield tag="650" ind1=" " ind2=" ">
    <subfield code="a">(tirmiji)Hadith</subfield>
    <subfield code="9">250070</subfield>
  </datafield>
  <datafield tag="942" ind1=" " ind2=" ">
    <subfield code="2">ddc</subfield>
    <subfield code="c">BK</subfield>
  </datafield>
  <datafield tag="999" ind1=" " ind2=" ">
    <subfield code="c">79151</subfield>
    <subfield code="d">79151</subfield>
  </datafield>
  <datafield tag="952" ind1=" " ind2=" ">
    <subfield code="0">0</subfield>
    <subfield code="1">0</subfield>
    <subfield code="2">ddc</subfield>
    <subfield code="4">0</subfield>
    <subfield code="7">1</subfield>
    <subfield code="8">NFIC</subfield>
    <subfield code="a">RUCL</subfield>
    <subfield code="b">RUCL</subfield>
    <subfield code="c">Reading</subfield>
    <subfield code="d">1998-01-25</subfield>
    <subfield code="e">Urdu Library, Rajshahi</subfield>
    <subfield code="g">30.00</subfield>
    <subfield code="l">0</subfield>
    <subfield code="o">A 297.12543 TIM 1951</subfield>
    <subfield code="r">2022-01-11 00:00:00</subfield>
    <subfield code="t">C-1</subfield>
    <subfield code="w">2022-01-11</subfield>
    <subfield code="y">BK</subfield>
  </datafield>
</record>
